00671nam a2200241 a 4500001001300000003000900013005001700022008004100039020001000080082001600090100002100106245001900127260002700146300000900173500003500182505002700217650002000244700002100264902000800285942000700293952011600300999001300416nice12345678IN_TiNIC20260116011342.0050524s1931 iraa grp 000 0 per  ac10000a297.32bHAS aHassan, Mohd Aqa aJaame-Ud-Dawat aIranbIlmi Pressc1931 a191p aincludes index and biblioraphy2 a3 vols. bound together aOccultism-Islam1 aHassan, Mohd Aqa bSRS cBK 001040708StackRoom-aHMIbHMId2007-07-26g100.00l0o297.32 HASp04748r2007-07-26v100.00w2005-05-24yBK c775d775